| 000 | 01247nam0a22003131 4500 | ||
|---|---|---|---|
| 001 | rc\2305467 | ||
| 005 | 20250623102249.0 | ||
| 035 | _a(NLR Aleph) 006719053 | ||
| 090 |
_a5423679 _c5423679 |
||
| 100 | _a20110829d1977 |||y0rusy50 ca | ||
| 101 | 1 |
_arus _cukr |
|
| 102 | _aRU | ||
| 105 | _ay z |||a| | ||
| 200 | 1 |
_aСуровая память _eПовесть _fЯков Сикорский _g[Перевел с укр. М. Чернега] |
|
| 210 |
_aКишинев _cКартя молдовеняскэ _d1977 |
||
| 215 |
_a244 с. _d16 |
||
| 300 | _aВ вып. дан. авт.: Сикорский Яков Парфеньевич | ||
| 606 |
_aСоветская Армия на фронтах Великой Отечественной войны 1941-1945 гг. (х. л.) _2rkp |
||
| 700 | 1 |
_6z01790 _aСикорский _bЯ.П. _f1904-1980 _gЯков Парфентьевич |
|
| 702 | 1 |
_aЧернега _bМ. _4730 |
|
| 790 | 1 |
_6z01700 _aСикорский _bЯ.П. _f1904-1980 _gЯков Парфеньевич |
|
| 801 | 0 |
_aRU _bNLR _gpsbo |
|
| 801 | 1 |
_aRU _bELAR _2rusmarc |
|
| 852 |
_aNLR _j77-2/4292 |
||
| 899 |
_aRuMoRGB _jБ 77-43/1113 |
||
| 899 |
_aRuMoRGB _jБ 77-43/1114 |
||
| 899 |
_aRuMoRGB _jВО 679/177 |
||
| 942 | _cBOOK | ||
| 980 | _aNB | ||